000
00275nam a2200121Ia 4500
008
230312s9999||||xx |||||||||||||| ||und||
082
_a
658.4
_b
ROB-O
100
_a
Robbins;Stephen,P
245
0
_a
Organizational Behavior
300
_a
759
650
_a
Management
942
_c
BK
999
_c
3812
_d
3812